TV Show by DVD Menu II Quiz Stats

 Plays Quiz Updated Aug 16, 2016

Challenge
Share
Tweet
Score 0/24 Timer 08:00
0 Plays Today
% Correct
Friends
99.7%
The Big Bang Theory
97.4%
The Simpsons
95%
Buffy the Vampire Slayer
92%
The X-Files
91%
How I Met Your Mother
90.4%
Two and a Half Men
89.3%
Scrubs
87.2%
Bones
87.2%
The Walking Dead
78.7%
Hawaii Five-0
78.4%
Gilmore Girls
75.8%
% Correct
The Cleveland Show
75.5%
Community
67.1%
CSI: Crime Scene Investigation
66.1%
Sons of Anarchy
66.1%
Smallville
65%
Criminal Minds
62.3%
Doctor Who
53.1%
Star Trek: Deep Space Nine
44.8%
Game of Thrones
41.9%
NewsRadio
34.9%
Damages
26.5%
Battlestar Galactica
25.7%

You're not logged in!

Compare scores with friends on all Sporcle quizzes.
OR
Log In

You Might Also Like...

Show Comments

Extras

Top Quizzes Today


Score Distribution

Your Account Isn't Verified!

In order to create a playlist on Sporcle, you need to verify the email address you used during registration. Go to your Sporcle Settings to finish the process.

Report this User

Report this user for behavior that violates our Community Guidelines.

Details: